000 00922nam0a22002531 4500
001 rc\2725050
005 20250806210109.0
035 _a(NLR Aleph) 006852565
090 _a6379
_c6379
100 _a20110915d1943 u y0rusy50 ca
101 0 _arus
102 _aRU
105 _ay z |||||
200 1 _aМетодика учета грызунов в жилищах человека
_fА. С. Фетисов
_gИркут. гос. противочум. ин-т Сибири и Дальнего Востока
210 _aИркутск
_cИркут. обл. изд-во
_d1943
215 _a12 с., без обл.
_d23 см.
700 1 _aФетисов
_bА.С.
_gАндрей Степанович
801 0 _aRU
_bNLR
_gpsbo
801 1 _aRU
_bELAR
_2rusmarc
852 _aNLR
_jМд96 Г-6/31
942 _cBOOK
945 _aРоссийская национальная библиотека
980 _aNB
980 _aBV